000 00185 a2200097 4500
020 _a9781561456932
041 _aeng
100 _aAnonimo
245 _aA placer for Turtles
942 _cBK
999 _c11629
_d11629